000 00980nam0a22002291i 4500
001 rc\3262087
005 20240723220047.0
021 _aRU
_b[74-23253а]
035 _a(NLR Aleph) 007387432
090 _a6574112
_c6574112
100 _a20130115d1974 |||y0rusy50 ca
101 0 _arus
102 _aRU
105 _ay d |||||
200 1 _aСооружения с подвесными тентовыми ограждениями
_e(Формы и конструктивные решения мягких покрытий, стабилизированных сетями)
_eАвтореф. дис. на соиск. учен. степени канд. техн. наук
_e(05.23.10)
_fМоск. инж.-строит. ин-т им. В.В. Куйбышева
210 _aМосква
_d1974
215 _a17 с.
700 1 _aУдлер
_bЕ.М.
_gЕвгений Михайлович
801 0 _aRU
_bNLR
_gpsbo
801 1 _aRU
_bELAR
_2rusmarc
852 _aNLR
_j74-4/30943
942 _cBOOK